1830 1387 1668 1997 1950 1709 1258 1008 1687 1409 1709 1644 1207 1286 1884 1148 1183 1800 1048 1267 1618 1581 1554 1144 1936 1560 1991 1468 1157 1663 1331 1756 1348 1366 1352 1394 1610 1846 1564 1405 1543 1144 1168 1731 1367 1368 1206 1212 1679 1951 1211 1001 1320 1985 1838 1385 1353 1914 1142 1848 1039 1206 1339 1800 1997 1049 1095 1028 1898 1300 1402 1114 1214 1277 1674 1866 1340 1959 1491 1698 1508 1696 1797 1019 1738 1428 1005 1896 1572 1577 1298 1959 1514 1317 1675 1492 1762 1787 1913 BCNSPRNW ULIB Ver.6.0+V

เปลี่ยนเป็นภาษาไทย

Change to English
 แสดงรายละเอียดบรรณานุกรม
  กลับหน้าหลัก

Brief Record : Get Marc (ISO 2709) : E-mail record : QR code < ปิดหน้าต่าง
LEADER : 00000nam 2200000uu 4500
001    13399113269
003     ULIB
008    111005s2551||||th 000 0 tha d
020    9789740581253
050  4 TK105.5^bบ226ค 2551
245 00 คู่มือการสร้างหนังสือ e-book /^cบริษัท โอเพ่นเซิร์ฟ(ประเทศไทย) จำกัด ; กรรณิการ์ จินดารัตน์ ... [และคนอื่นๆ]
250    พิมพ์ครั้งที่ 1
260    กรุงเทพฯ :^bโซลูชั่น คอนเนอร์ (1988),^c2551
300    vii, 176, v หน้า :^bภาพประกอบ ;^c23 ซม.
650  4 หนังสืออิเล็กทรอนิกส์
650  4 ไอเลิฟไลบรารี (โปรแกรมคอมพิวเตอร์)
700 0  กรรณิการ์ จินดารัตน์,^eบรรณาธิการ
710 2  บริษัทโอเพ่นเซิร์ฟ (ประเทศไทย)
945    ^p195^l0^i025984
945    ^p195^l0^i025985
995    ทศพร
999 ^a ทศพร
รายการนี้ยังไม่มีแท็ก
คุณยังไม่ได้ล็อกอิน คุณสามารถมีกิจกรรมร่วมกับเว็บไซต์ได้ แต่ต้องล็อกอินก่อน ::
  ล็อกอิน

รายการสื่อสารสนเทศ

ลำดับที่ ประเภท เลขเรียก/บาร์โค้ด สถานที่ สถานะ
- ไม่พบข้อมูล -

รายการใกล้เคียง
    หัวเรื่อง [หนังสืออิเล็กทรอนิกส์]
    หัวเรื่อง [ไอเลิฟไลบรารี (โปรแกรมคอมพิวเตอร์)]

BibComment


ยังไม่เคยถูกคอมเมนท์

คอมเมนท์ทรัพยากรรายการนี้
  คอมเมนท์: คู่มือการสร้างหนั..


 Copyright 2026. Bcnsprnw @Library